Statistiques concernant Coupes Mario Kart

Cliquez ici pour prendre le quiz!

Statistiques générales

  • Ce quiz a été pris 1 177 fois
  • Le résultat moyen est 6 sur 8

Statistiques - réponses

Coupes% Correct
Coupe Champignon
96%
Coupe Etoile
90%
Coupe Carapace
82%
Coupe Feuille
78%
Coupe Fleur
78%
Coupe Banane
72%
Coupe Eclair
66%
Coupe Spéciale
41%

Distribution des résultats

Percentile par nombre de réponses

% des personnes avec chaque résultat

Votre développement - résultats

Vous n’avez pas pris ce quiz